000 00747cam a2200229 4500
001 WB3606-16
008 000000n2000 000 0 eng u
035 _a(Sirsi) u104023
245 _aTime to buy property shares
260 _c2000
490 _aFinancial Times
_v4 February 2000, 30(2)
520 _aWith shares in property companies currently trading at big discounts to asset value, it is a good time to capitalise on the arbitrage opportunities by buying shares - preferably in your own company.
590 _aWB
650 _aPROPERTY INVESTMENT
650 _aPROPERTY SHARES
650 _aARBITRAGE
650 _aPROPERTY RETURNS
650 _aEQUITY
650 _aPROPERTY COMPANIES
690 _aINVESTMENT
942 _n0
999 _c62428
_d62428